| 000 | 00517nam a22001937a 4500 | ||
|---|---|---|---|
| 003 | KOHA_MİRAKIL | ||
| 005 | 20250929121104.0 | ||
| 008 | 250929b tu ||||| |||| 00| 0 tur d | ||
| 020 | _a9786057455277 | ||
| 040 |
_aTR-AnABB _btur _cTR-AnABB |
||
| 041 | _atur | ||
| 082 |
_a780.268 _bKAY 2021 |
||
| 100 | 1 | _aKayıklık, Hasan, | |
| 245 | 1 | 0 |
_aGüfteden besteye / _cHasan Kayıklık |
| 260 |
_aAnkara : _bHece Yayınları, _c2021 |
||
| 300 |
_a167 sayfa ; _c20 cm |
||
| 650 | 0 | 4 | _aMüzik |
| 942 |
_2ddc _cBK |
||
| 999 |
_c8966 _d8966 |
||
| 900 | _bGizem YORULMAZ | ||